Zmeny zákona o dani z pridanej hodnoty od 1. januára
Informácie o základných zmenách v oblasti daní z pridanej hodnoty, ktoré priniesla novela zákona o DPH č. 651/2004 Z.z., s účinnosťou od 1. januára 2005.
Salvato in:
| Autore principale: | |
|---|---|
| Natura: | Capitolo di libro |
| Lingua: | slovacco |
| Soggetti: | |
| Tags: |
Nessun Tag, puoi essere il primo ad aggiungerne!!
|
MARC
| LEADER | 00000naa$a2200000$$$4500 | ||
|---|---|---|---|
| 001 | 0025764 | ||
| 005 | 20231004125414.3 | ||
| 041 | 0 | |a slo | |
| 044 | |a SK | ||
| 245 | 1 | 0 | |a Zmeny zákona o dani z pridanej hodnoty od 1. januára |c Miroslav Bednár |
| 520 | |a Informácie o základných zmenách v oblasti daní z pridanej hodnoty, ktoré priniesla novela zákona o DPH č. 651/2004 Z.z., s účinnosťou od 1. januára 2005. | ||
| 610 | 2 | 0 | |a legislatíva |
| 610 | 2 | 0 | |a Slovensko |
| 610 | 2 | 0 | |a dane z hodnoty pridanej |
| 610 | 2 | 0 | |a novelizácia |
| 100 | 1 | |a Bednár, Miroslav | |